000 nam a22 7a 4500
999 _c30304
_d30304
008 190515b xxu||||| |||| 00| 0 eng d
050 _aQC 903.2
_b.K4 2016
110 _aNational Drought Management Authority.
245 _a A climate risk management framework for Kenya :
_bintegrating disaster risk reduction and climate change adaptation at national and county levels
260 _aNairobi,Kenya :
_bNational Drought Management Authority,
_c2016.
300 _aviii,42p. :
_bill.(col.);
_c23cm.
504 _ainclude references.
650 _aClimatic changes
_vGovernment policy.
942 _2lcc
_cBOOKS
_hQC 903.2 .K4 2016